[Event "YUG-ch"]
[Site "Novi Sad"]
[Date "1995.??.??"]
[Round "?"]
[White "Abramovic, Bosko"]
[Black "Petronic, Jovan"]
[Result "1/2-1/2"]
[WhiteElo "2520"]
[BlackElo "2450"]
[Annotator "Stohl,I"]
[PlyCount "92"]
[EventDate "1995.02.??"]
[EventType "tourn"]
[EventRounds "17"]
[EventCountry "YUG"]
[EventCategory "10"]
[SourceTitle "CBM 049"]
[Source "ChessBase"]
[SourceDate "1995.12.01"]
[SourceVersion "1"]
[SourceVersionDate "1995.12.01"]
[SourceQuality "1"]

1. d4 Nf6 2. Nf3 c5 3. d5 g6 4. Nc3 Bg7 5. e4 O-O $5 6. Bc4 $5 (6. e5 $6 Ng4 7.
Bf4 d6 $10) (6. Be2 d6 (6... b5 7. e5 Ng4 8. Bf4 b4 9. Ne4 Qb6 (9... f6 10.
exf6 Nxf6 11. Ng3 (11. Nxc5 Qa5 12. Be3 Na6 13. Nxa6 Bxa6 14. d6 e6 15. O-O Nd5
16. Bd4 Bxd4 17. Nxd4 Qb6 18. a3 Bxe2 19. Nxe2 a5 20. axb4 axb4 21. Qd4 Qxd6
22. c4 bxc3 23. Nxc3 Qb4 24. Qxb4 Nxb4 $10 {Vilkov-Sumaneev/Briansk RUS-chT/
1995/}) 11... Bb7 12. Bc4 e6 13. dxe6 d5 14. Qe2 Qe7 15. O-O-O $5 dxc4 16. Bd6
Qe8 17. Qxc4 Bxf3 18. gxf3 Nc6 19. Bxf8 Qxf8 20. Rhe1 Kh8 21. e7 Nxe7 22. Qxc5
Neg8 23. Qxf8 Bxf8 24. Ne4 $13 {Fominych,A-Mololkin,V/Pardubice op/1994/}) (
9... d6 10. exd6 exd6 11. O-O Bxb2 12. Rb1 Bg7 13. Bxd6 Re8 14. Nfd2 Nf6 15.
Nxf6+ Bxf6 16. Bxc5 a5 17. Bb5 Bd7 18. Bd3 Na6 19. Be3 Nc7 20. Qf3 Bg7 21. Nc4
Bb5 22. d6 $1 $16 {Ehlvest,J-Khmelnitsky,I/New York op/1992/}) 10. h3 Nh6 11.
Qd2 Nf5 12. g4 Nd4 13. Nxd4 cxd4 14. O-O-O a5 15. Bh6 $6 Bxe5 16. Bxf8 Kxf8 17.
f4 Bg7 18. f5 Bb7 19. Bc4 d6 20. h4 Nd7 21. fxg6 hxg6 22. h5 Ne5 $36 {Garcia
Ilundain,D-Leko,P/Leon/1993/}) 7. O-O Na6 $14) (6. a4 Na6 $5 7. Be2 Nb4 8. O-O
e6 9. d6 b6 10. Re1 Bb7 11. Bc4 Nc6 12. h3 Ne8 13. Bg5 f6 14. Bh4 Qb8 15. Bg3
Kh8 16. Qd3 e5 17. Rad1 Nd4 18. Nb5 Nxd6 19. Nfxd4 cxd4 20. Nxd6 Qxd6 21. c3 f5
22. Qxd4 Qxd4 23. cxd4 exd4 24. exf5 Rxf5 $132 {Ftacnik,L-Ostos,J/Novi Sad olm/
1990/}) 6... b5 7. Nxb5 (7. Bxb5 $6 Nxe4 8. Nxe4 Qa5+ 9. Nc3 Bxc3+ 10. bxc3
Qxb5 11. Be3 d6 12. h4 h5 13. Nh2 Qc4 14. g4 Qxc3+ 15. Kf1 Qc4+ 16. Kg1 Bb7 17.
gxh5 Qxd5 18. Qxd5 Bxd5 19. f3 gxh5 20. Kf2 Kh7 21. Rhg1 f6 22. Nf1 Nd7 23. Ng3
Ne5 24. Nf5 Rf7 25. Rg3 Be6 $19 {Krumpacnik,D-Khmelnitsky,I/Pula op/1990/})
7... Nxe4 8. d6 $1 $146 {[%cal Rc4d5] /\Bd5} (8. O-O a6 (8... d6 9. Bd3 Nf6 10.
c4 a6 11. Nc3 e5 12. dxe6 Bxe6 13. Bg5 h6 14. Bh4 Nc6 15. Rc1 Qd7 16. b3 Rfe8
17. h3 g5 18. Bg3 Rad8 19. Re1 Qc8 20. Bb1 d5 21. cxd5 Nxd5 22. Nxd5 Rxd5 23.
Qc2 $14 {Bologan,V-Tkachiev,V/Tilburg 10'/1994/}) 9. Na3 d6 10. Re1 Nf6 11. Qe2
Ra7 $13) 8... a6 (8... Nc6 9. O-O (9. Ng5 $5) 9... Ba6 $5 (9... a6 10. dxe7 (
10. Nc7 $2 Nxd6 11. Nxa8 Nxc4 {/\Bb7-+}) 10... Qxe7 11. Nc7 $36) 10. Re1 (10.
dxe7 Nxe7 {[%cal Rd7d5] /\d5}) 10... Bxb5 11. Rxe4 Bxc4 12. Rxc4 Nd4 13. Bg5 $1
$14) 9. Qd5 Nc6 $8 (9... axb5 10. Qxa8 (10. Qxe4 Nc6 {-9...Nc6}) 10... bxc4 (
10... Nxd6 11. Bxb5 $5 $16) 11. Qxe4 exd6 12. O-O $16 {[%csl Rd6][%cal Rf1d1,
Rc1f4] ><d6,/\Rd1,Bf4}) 10. Qxe4 axb5 11. dxe7 (11. Bxb5 $2 Qa5+) 11... Qxe7
12. Qxe7 Nxe7 13. Bxb5 Ba6 14. Bxa6 (14. Bxd7 $6 Rad8 15. Ba4 Nd5 $40 {[%cal
Rd5c3] /\Nc3!}) 14... Rxa6 15. c3 Rb8 16. O-O (16. Kd1 $5 $14) 16... d5 17. Rd1
h6 18. Kf1 g5 $44 {[%csl Gc5,Gd5][%cal Gb8b2,Ga6a2] <->a,b,[+] The position
resembles a Volga gambit.} 19. h4 (19. h3 f5 $132) 19... gxh4 20. Nxh4 d4 21.
cxd4 $8 (21. c4 $2 Ra4 22. b3 Rxb3 $17) 21... Bxd4 22. Rd2 Bf6 23. Nf3 Nf5 24.
Rc2 Nd4 $1 25. Nxd4 (25. Rxc5 $2 Nb3 26. axb3 Rxa1 $17) 25... Bxd4 26. Ke2 (26.
a4 $5 Rba8 (26... Rb4 27. a5 Rb5 (27... c4 28. Ra2 {[%cal Yc1d2] /\Bd2}) 28.
Bd2 Rxb2 29. Rxb2 Bxb2 30. Rb1 Bd4 31. Rb6 $36) 27. Rc4 Re8 $44) 26... Re6+ 27.
Be3 (27. Kd1 $2 Rbe8 $40) 27... Rxb2 28. Rxb2 Bxb2 $10 29. Rb1 Bd4 30. Kd3 (30.
a4 $142 Bxe3 31. fxe3 Ra6 32. Ra1 Ra5 33. Kd3 Kf8 34. Kc4 Ke7 35. Kd5 Kd7 36.
Rf1 c4+ $1 37. Kxc4 Rxa4+ $10) 30... Bxe3 31. fxe3 Ra6 32. Ra1 Ra4 33. a3 Kf8
34. Kc3 Ke7 35. Kb3 Re4 36. a4 $1 (36. Re1 Kd6 37. a4 Kc6 $15) 36... Rxe3+ 37.
Kc4 Kd6 38. a5 Re4+ 39. Kd3 (39. Kb5 $2 Rb4+ $17) 39... Rd4+ 40. Kc3 $44 {
[%csl Ga5] o^a5} Kc7 41. a6 Kb8 42. Rf1 Ka7 43. Rxf7+ Kxa6 44. Rf6+ Kb5 45.
Rxh6 Rg4 46. Rh3 Rxg2 {The R-endgame is an easy theoretical draw.} (46... Rxg2
47. Kb3 $10) 1/2-1/2

[Event "Moscow B"]
[Site "Moscow"]
[Date "1994.??.??"]
[Round "1"]
[White "Matros, Alexander"]
[Black "Arkhipov, Sergey"]
[Result "1-0"]
[WhiteElo "2400"]
[BlackElo "2530"]
[Annotator "Stohl,I"]
[PlyCount "59"]
[EventDate "1994.??.??"]
[EventType "tourn"]
[EventRounds "11"]
[EventCountry "RUS"]
[EventCategory "7"]
[SourceTitle "CBM 041"]
[Source "ChessBase"]
[SourceDate "1994.08.01"]
[SourceVersion "1"]
[SourceVersionDate "1994.08.01"]
[SourceQuality "1"]

1. d4 {Glatman} c5 2. d5 d6 3. e4 Nf6 4. Nc3 g6 5. f4 Bg7 6. Bb5+ (6. Nf3 {
Glatman} O-O 7. Bd3 Na6 (7... b5 $5 8. e5 dxe5 9. fxe5 Ng4 10. Bxb5 $14) (7...
e6 $5 8. dxe6 (8. O-O exd5 9. exd5 (9. Nxd5 Nc6 10. Nxf6+ Qxf6 11. c3 $14) 9...
Na6 $13) 8... fxe6 $1 9. O-O Nc6 10. Kh1 $14) 8. O-O Bg4 9. Bc4 $1 (9. h3 Bxf3
10. Rxf3 $14) 9... Nc7 10. h3 Bxf3 11. Qxf3 Rb8 (11... Nd7 12. a4 a6 $16) (
11... e6 $5 12. dxe6 fxe6 13. Be3 b6 (13... Qe7 $6 14. e5 $1 $36) 14. Rad1 Qe7
15. Rfe1 Kh8 16. g4 Rad8 17. Bf2 Nd7 18. Qg3 g5 19. f5 Ne5 20. Bf1 h5 $13 {
Wedberg,T-Azmaiparashvili,Z/Reykjavik/1990/0:1 (50) Inf 49/184/}) 12. a4 a6 13.
a5 b5 14. axb6 Rxb6 15. Qd3 $5 (15. Kh1 Nb5 16. Ne2 Qa8 17. c3 Nc7 18. g4 $14 {
Stoica,V-Varasdy,I/Bajmok/1984/ Inf 38/159/}) 15... Nb5 16. Bd2 $1 (16. Nxb5
axb5 17. Bxb5 Nxe4 $10) 16... Nc7 (16... Nd4 17. Na4 $16) 17. b3 $16 e6 18. Ra5
Re8 19. Kh1 Qe7 20. Na4 Rbb8 21. Nxc5 $1 exd5 22. exd5 dxc5 23. d6 $16 {
Matros,A-Odessky,I/Moscow2/1994/1:0 (33)/}) (6. e5 {Glatman} Nfd7 7. exd6 exd6
8. Qe2+ Kf8) 6... Nfd7 (6... Bd7 $2 {Glatman} 7. e5 $16) (6... Nbd7 {Glatman}
7. e5 $18) 7. Bd3 (7. a4 O-O 8. Nf3 Na6 (8... Nf6 $6 9. O-O e6 10. dxe6 Bxe6
11. f5 $1 gxf5 12. exf5 Bxf5 13. Nh4 Bg4 14. Be2 Bxe2 15. Nxe2 Nc6 16. Nf5 Qd7
17. Neg3 Rae8 18. Nxg7 Kxg7 19. Qf3 Re6 20. Bh6+ $1 $18 {Hodgson,J-Watson,W/
Brighton/1983/}) 9. O-O Nc7 10. Re1 $5 a6 (10... Nxb5 $5 11. axb5 a6) 11. Bf1
Nf6 12. a5 Rb8 13. Na4 e6 14. c4 exd5 15. exd5 Re8 16. Ra3 Bg4 17. Rae3 Rxe3
18. Bxe3 Nce8 19. Bd2 Nd7 20. h3 Bd4+ 21. Kh2 Bxf3 22. Qxf3 Ng7 23. Bd3 h5 24.
b4 $14 {Ibragimov,I-Velickovic,S/Katerini GP/1993/}) 7... O-O (7... Na6 {
Glatman} 8. Nf3 Nc7 9. a4 Nf6 10. O-O Bg4 11. h3 Bxf3 12. Qxf3 O-O {Hodgson,
J-Minasian,A/Cannas/1992/0:1 (45)/}) 8. Nf3 Na6 (8... Nb6 $5 9. O-O c4 (9...
Bg4 10. Qe1 c4 11. Be2 N8d7 12. Be3 Rc8 13. Qg3 (13. Qh4 $5) 13... Bxf3 14.
Bxf3 Nc5 15. Rad1 Nca4 16. e5 Qc7 17. Nxa4 Nxa4 18. Bd4 f5 19. Rfe1 Rfe8 20. h4
$36 {Gegner,J-Pieper,T/2BLS 9091/1991/}) 10. Be2 f5 $132) 9. O-O Nc7 (9... Nb4
$5 10. Be2 Nb6 {/\f5} 11. a3 Na6 12. f5 gxf5 $1 13. exf5 $6 (13. Qe1 $5 $44)
13... Bxf5 14. Ng5 Bg6 15. Bd3 Qd7 16. Bxg6 fxg6 17. Rxf8+ Rxf8 18. Ne6 Rf7 19.
Ne4 Nc7 20. Nxg7 Kxg7 21. b4 Qf5 $19 {Hodgson,J-Plaskett,J/GB-ch/1990/}) 10.
Qe1 (10. f5 b5 $5 11. fxg6 (11. Qe1 $142 $1) 11... hxg6 12. Nxb5 c4 13. Nxc7
Qxc7 14. Be2 Nc5 15. Bxc4 Na4 $1 16. Bd3 Nxb2 17. Bxb2 Bxb2 18. Rb1 Bf6 19. Qd2
Kg7 20. c4 Rh8 $44 {Emms,J-Minasjan,A/Leningrad II/1990/}) (10. a4 {Glatman} a6
11. Kh1 Rb8 12. a5 b5 13. axb6 Nxb6 14. Qe1 $1) (10. Kh1 {Glatman} b6 11. a4
Rb8 12. Ng5 $5 a6 13. Qe2 Qe8 14. Bd2 Nf6 15. Qf3 $1 Qd7 16. e5 dxe5 17. fxe5
Nfxd5 18. e6 $1 fxe6 19. Qh3 Nf6 20. Rxf6 $1 Rxf6 21. Qxh7+ Kf8 22. Nge4 $40 {
Hachaturov,A-Luchinkin,S/Moscow/1979/1:0 (39)/}) 10... a6 (10... e6 {Glatman}
11. dxe6 fxe6 12. e5 $1 d5 13. b3 b6 14. a4 a6 15. Qg3 Re8 16. h4 Nf8 17. h5
$40) 11. a4 Rb8 (11... e6 $5 12. dxe6 fxe6 (12... Nxe6 13. f5 $36) 13. Qg3 $14
(13. f5 Ne5 $5 14. Nxe5 Bxe5 15. Bh6 Rf7 $132) (13. a5 $5)) 12. f5 $1 $40 b5 (
12... Ne5 13. Nxe5 Bxe5 14. Qh4 $40) 13. Qh4 c4 14. Be2 Nf6 (14... e6 15. dxe6
(15. Bg5 f6 16. fxe6 fxg5 17. Nxg5 Nf6 $13) 15... fxe6 (15... Qxh4 16. exf7+
Rxf7 17. Nxh4 $16) 16. Bg5 Qe8 (16... Bf6 17. fxg6 hxg6 18. Qh6) 17. Bh6 $5 $40
(17. Rad1 $36)) 15. Bh6 $1 b4 (15... bxa4 $1 {Glatman} 16. Ng5 Nce8 17. e5 $6
dxe5 18. fxg6 hxg6 $1 (18... fxg6 19. Bxc4 $16) 19. Nce4 Bf5 (19... Qb6+ $5 20.
Kh1 Qxb2 $132) 20. Nxf6+ Nxf6 21. g4 Qb6+ $1 (21... Bxc2 22. Rxf6 Bxf6 23. Bg7
$18) 22. Kh1 Be4+ 23. Nxe4 Nxe4 24. Rf3 g5 $13) 16. Nd1 {/\Ng5,fg6} Bxh6 (16...
gxf5 17. Ng5 e6 18. Rf3 $40) 17. Qxh6 Nxe4 18. Nf2 Nf6 $8 (18... Nxf2 $2 19.
Ng5 $18) 19. Ng5 Nce8 (19... Bxf5 20. Nfe4 $1 (20. g4 {Glatman} Bxc2 21. Nfe4
$16) 20... Nce8 (20... Bxe4 21. Rxf6 $18) (20... Ncxd5 21. Bxc4 Bxe4 22. Bxd5
Bxd5 23. Rxf6 $18) 21. Nxf6+ Nxf6 22. g4 Qb6+ 23. Kh1 (23. Rf2 $2 Bxg4 24. Bxg4
Qxf2+ $1 $19) 23... Be4+ (23... Qe3 24. gxf5 Qxe2 25. fxg6 Qh5 26. gxf7+ Kh8
27. Rxf6 $18) 24. Bf3 $1 Bxc2 25. Bg2 {/\Rf6+-}) (19... Ncxd5 {Glatman} 20.
Bxc4 Qa5 21. Nfe4 Bxf5 22. Bxd5 Bxe4 23. Rxf6 $18) 20. fxg6 fxg6 (20... hxg6 {
Glatman} 21. Nfe4 Bf5 22. Rf4 Bxe4 23. Rh4 $18) 21. Bg4 $1 {/\Be6+-} Qb6 (21...
Ng7 22. Bxc8 Qxc8 23. Nfe4 $18) 22. Kh1 Bxg4 23. Nxg4 Rb7 24. Rf3 $1 (24. Nxh7
Nxh7 25. Qxg6+ Ng7 (25... Kh8 26. Rxf8+ Nxf8 27. Qxe8 $18) 26. Nh6+ Kh8 27.
Rxf8+ (27. Rf7 Rxf7 28. Qxf7 Nf6 $8) 27... Nxf8 28. Qf7 Kh7 $8 {/\} 29. Nf5 $6
e6 $1) 24... Qa5 (24... Qd4 25. Nxf6+ (25. Ne6 {Glatman}) 25... Nxf6 26. Ne6
$18) 25. Raf1 $18 Qxd5 26. Nxh7 $1 Qf7 (26... Nxh7 27. Rxf8+) (26... Rf7 27.
Qxg6+ Rg7 (27... Kh8 {Glatman} 28. Nhxf6 Nxf6 29. Nxf6 exf6 30. Re1 $18) 28.
Ngxf6+ Nxf6 29. Nxf6+ exf6 30. Qe8+ Kh7 31. Rh3+ $18) 27. Ngxf6+ Nxf6 (27...
exf6 {Glatman} 28. Nxf8 Qxf8 29. Qxg6+ Rg7 $16) 28. Nxf8 Qxf8 29. Qxg6+ Qg7 30.
Qf5 {/\Qc8,Rg3} (30. Qf5 {Glatman} Kf7 31. Qd5+ $18) 1-0

[Event "Interzonal-14c"]
[Site "Zagreb"]
[Date "1987.??.??"]
[Round "16"]
[White "Inkiov, Ventzislav"]
[Black "Torre, Eugenio"]
[Result "1-0"]
[WhiteElo "2485"]
[BlackElo "2540"]
[Annotator "Stohl,I"]
[PlyCount "129"]
[EventDate "1987.08.01"]
[EventType "tourn"]
[EventRounds "17"]
[EventCountry "YUG"]
[EventCategory "12"]
[SourceTitle "CBM 004"]
[Source "ChessBase"]
[SourceDate "1988.06.01"]
[SourceVersion "1"]
[SourceVersionDate "1988.06.01"]
[SourceQuality "1"]

1. d4 c5 2. d5 d6 3. e4 Nf6 4. Nc3 g6 5. Be2 Bg7 6. Nf3 O-O 7. O-O Na6 8. Nd2
$5 (8. Bf4) (8. Re1) 8... Nc7 9. a4 a6 10. Re1 Bd7 11. f4 $5 (11. a5 Nb5 $10)
11... b5 12. Bf3 Rb8 13. e5 Nfe8 14. Nb3 $1 {>< c6} bxa4 $6 (14... b4 $5 15.
Ne4 c4 16. Nbd2 Nxd5 17. Nxc4 $13) 15. Nxa4 Rb4 (15... Nb5 $5) 16. Nc3 Nb5 17.
Nxb5 Bxb5 18. Bd2 $1 Ra4 19. Rxa4 Bxa4 20. Na5 $16 Qc7 (20... Nc7 $142) 21. b3
Bd7 22. Qe2 e6 23. c4 $1 Qb6 24. Qf2 Nc7 25. b4 $1 Rb8 26. bxc5 dxc5 (26...
Qxc5 27. Qxc5 dxc5 28. d6 Ne8 29. Be3 $18) 27. h3 f6 $6 28. Be4 $1 exd5 (28...
fxe5 29. Rb1 $1 Qa7 30. Rxb8+ Qxb8 31. Qxc5 $18) 29. Rb1 Bb5 (29... Qa7 30.
Rxb8+ Qxb8 31. cxd5 Qb6 32. e6 $18) 30. cxd5 fxe5 31. Nc4 Qa7 32. Nxe5 Rf8 33.
Qe3 $2 (33. Be3 $1 $18) 33... Rd8 34. Ba5 Rd6 (34... Nxd5 $2 35. Qd2 $18) 35.
Bb4 Rxd5 $1 (35... Nxd5 36. Qxc5 Qxc5+ 37. Bxc5 Nc3 38. Bxd6 $18) 36. Bxd5+
Nxd5 37. Qxc5 Qxc5+ 38. Bxc5 Nxf4 $14 39. Nf3 h6 40. Kh2 Ne6 41. Bd6 Nd8 42.
Be5 Ne6 $6 (42... Bf8 $142) 43. Bxg7 Kxg7 44. Kg3 Kf6 45. Rb4 $1 Ke7 46. Nd4
Nxd4 47. Rxd4 Ke6 48. Rd8 a5 $2 49. Rg8 a4 (49... Kf7 50. Rb8 Bc6 51. Rb6 Be8
52. Kf4 $18) 50. Rxg6+ Kd5 51. Rxh6 a3 52. Rh7 Kc4 53. h4 $1 (53. Ra7 Kb3 54.
Rxa3+ $2 Kxa3 $10) 53... Kb3 54. Rb7 Kb4 (54... a2 55. Rxb5+ Ka4 56. Rb8 $18)
55. Ra7 Ba4 56. Re7 $1 Kc3 (56... a2 57. Re1 Bc2 58. Ra1 Bb1 59. h5 $18) 57.
Re3+ Kb2 58. Rxa3 $1 Kxa3 59. h5 Kb4 60. Kf4 Kc5 61. Ke5 Kc6 62. h6 Bc2 63. Kf6
Kd7 64. g4 Ke8 65. Kg7 1-0

[Event "USA-ch"]
[Site "Modesto"]
[Date "1995.??.??"]
[Round "3"]
[White "Yermolinsky, Alex"]
[Black "Khmelnitsky, Igor N"]
[Result "1-0"]
[WhiteElo "2560"]
[BlackElo "2490"]
[Annotator "Stohl,I"]
[PlyCount "79"]
[EventDate "1995.11.??"]
[EventType "tourn"]
[EventRounds "13"]
[EventCountry "USA"]
[EventCategory "12"]
[SourceTitle "CBM 051"]
[Source "ChessBase"]
[SourceDate "1996.04.01"]
[SourceVersion "1"]
[SourceVersionDate "1996.04.01"]
[SourceQuality "1"]

1. d4 Nf6 2. Nf3 c5 3. d5 g6 4. Nc3 Bg7 5. e4 O-O 6. e5 $6 (6. Be2 $142 d6 (
6... b5 7. e5 Ng4 8. Bf4 (8. d6 $5 Nxe5 9. O-O e6 10. Nxb5 Nbc6 11. Nxe5 Bxe5
12. c3 Qb6 13. Bh6 Bg7 14. Be3 a5 15. a4 Na7 16. b4 axb4 17. cxb4 Nxb5 18. Bxb5
Bxa1 19. Bxc5 Qd8 20. Qxa1 Ba6 21. Bxa6 Rxa6 22. a5 $16 {Purtov,A-Barbero,G/M.
Boleslav op/1994/}) 8... b4 (8... d6 9. exd6 exd6 10. Nxb5 (10. O-O a6 11. Ne4
Nf6 12. Bg5 Bf5 13. Nfd2 Bxe4 14. Nxe4 Re8 15. Bf3 h6 16. Nxf6+ Bxf6 17. Bxh6
Bxb2 18. Rb1 Bg7 19. Bf4 Qf6 20. g3 Nd7 21. h4 Ne5 22. Be4 Nc4 23. Bg2 Qd4 24.
Qc1 Be5 $36 {Vasiljevic,D-Indjic,D/JUG-chT Tivat/1995/}) 10... Bxb2 11. Rb1 Bg7
12. Bxd6 a6 13. Bxf8 Kxf8 14. Na7 $1 Bf5 15. h3 Qa5+ 16. Nd2 Nf6 17. O-O Qxa2
18. Bc4 Qa4 19. Rb7 Nbd7 20. Bb3 Qf4 21. Nc6 a5 22. Re1 a4 23. Ba2 $16 {
Arkell,K-Oll,L/London Lloyds/1994/}) 9. Ne4 Qc7 (9... f6 10. d6 $1 $146 (10.
exf6 Nxf6 11. Nxc5 Qa5 12. Be3 Na6 13. Nxa6 Bxa6 14. d6 e6 15. O-O Nd5 16. Bd4
Bxd4 17. Nxd4 Qb6 18. a3 Bxe2 19. Nxe2 a5 20. axb4 axb4 21. Qd4 Qxd6 22. c4
bxc3 23. Nxc3 Qb4 $10 {Vilkov-Sumaneev/Briansk RUS-chT/1995/}) 10... e6 11. O-O
Nc6 12. Nxc5 fxe5 13. Bg5 Nf6 14. a3 Qb6 15. Be3 Qb8 16. axb4 Qxb4 17. Nd3 Qxd6
18. Bc5 Qc7 19. Ndxe5 $1 Re8 20. Bd6 Qb7 21. Nxc6 dxc6 22. Be5 Qb6 23. Qd4 $16
{Maherramzade,J-Kumaran,D/WchJM-U20 Halle/1995/}) 10. d6 exd6 11. Nf6+ Nxf6 12.
exf6 Bxf6 13. Bxd6 Qc6 14. Bxf8 Kxf8 15. Qc1 Kg7 16. O-O Bb7 17. a3 Na6 18.
axb4 Nxb4 19. c3 Nd5 20. Ne1 Qc7 21. Bf3 Nf4 22. Qd1 d5 23. Nd3 $14 {Khomyakov,
V-Petrakov/Moscow op/1994/}) (6... e5 $6 7. Nd2 d6 8. O-O Ne8 9. Nc4 Nd7 10. a4
Kh8 11. Ra3 Ndf6 12. Bg5 Rb8 13. Qc1 b6 14. f4 exf4 15. Qxf4 Ba6 16. e5 dxe5
17. Nxe5 Bxe2 18. Nxe2 Qxd5 19. Rh3 Rb7 20. Bh6 Rg8 21. Bxg7+ Rxg7 22. Rd3 Qe6
23. Rd8 $40 {Crouch,CS-Storey,C/New Castle on Tyne/1995/}) 7. O-O $14) 6... Ne8
$6 $146 {Too passive. Leaving the centre unchallenged for just one move gives
White a chance to launch a dangerous King-side attack.} (6... Ng4 $142 7. Bf4
d6 8. exd6 exd6 9. Be2 Qb6 (9... Na6 10. O-O Nc7 11. a4 a6 12. Ne4 Nf6 13.
Nxf6+ Qxf6 14. Qd2 Re8 15. c4 Rxe2 16. Qxe2 Qxf4 17. Qe7 Bg4 18. Qxc7 Bxf3 19.
gxf3 Be5 20. Rfe1 Qxh2+ 21. Kf1 Bd4 22. Ke2 Qxf2+ 23. Kd3 Qxf3+ $19 {Pribyl,
J-Mascarinas,R/Schellenberg op/1991/}) 10. Rb1 Nd7 11. O-O Nge5 12. Nd2 f5 13.
h3 Qd8 14. Nb5 Nb6 15. Nf3 Nxf3+ 16. Bxf3 Nc4 17. Be2 Ne5 18. b4 a6 19. Na3 Qc7
20. c4 b6 21. Qd2 Bd7 22. Nc2 Rae8 23. Rfe1 Nf7 24. Bf1 h6 $132 {Yermolinsky,
A-Yudasin,L/URS-FL Kuibishev/1986/}) 7. h4 d6 8. e6 $5 {This sacrifice is
known from the Pirc. It weakens Black's K and is the only logical follow-up to
7.h4.} (8. Bf4 Nd7 $36) 8... fxe6 9. h5 $44 exd5 (9... gxh5 $5 10. dxe6 $1 (10.
Rxh5 Nf6 $15) 10... Nf6 (10... Bxe6 11. Ng5 Bf5 12. Bc4+ $40) 11. Ng5 $13) 10.
hxg6 hxg6 11. Qxd5+ e6 12. Qd3 Rf5 (12... Qf6 13. Bg5 (13. Ne4 $5) 13... Qf7 (
13... Qf5 14. Qd2 {[%cal Rf1d3] /\Bd3->}) 14. Nh4 $5 (14. O-O-O $44) 14...
Qxf2+ 15. Kd1 $36) (12... Bxc3+ $142 $5 {Gulko} 13. Qxc3 Qf6 $13) 13. Nh4 Nc6 (
13... Rh5 $2 14. Qxg6 $18) 14. Nxf5 gxf5 15. Bh6 $16 {[%csl Rg8] עg8} Ne5 16.
Qd2 Qf6 (16... Bf6 $5 $16 {[%cal Ye5f7] /\Nf7 Black should have tried to keep
as many pieces around his weak K as possible.}) 17. Bb5 $1 {@} Bd7 $8 18. Bxd7
Nxd7 19. Bxg7 Kxg7 20. O-O-O Ne5 (20... d5 21. g4 $1 fxg4 22. Rdg1 Ne5 23. f4
$18) 21. Rh3 Nf7 22. Ne2 Kf8 (22... e5 23. Nc3 {[%cal Rc3d5] /\Nd5+-}) 23. Nf4
Rd8 (23... d5 24. Re1 Nc7 25. Rg3 $18) 24. Re1 Ng7 25. Rh7 $1 Ng5 26. Rxg7 $1 (
26. Rh8+ Kf7 27. Rxd8 Qxd8 $16) 26... Qxg7 (26... Kxg7 $4 27. Nh5+) 27. Rxe6
$18 {[%csl Rd6,Rf5,Rf8][%cal Re6g6] עf8,Pd6,f5,/\Rg6+- After returning the
exchange Black's position falls apart quickly, as White's pieces are just too
active and Black's K too weak.} Nf7 $8 28. Ng6+ Kg8 29. Ne7+ Kf8 30. Ng6+ (30.
Nxf5 Qxg2 31. b3 Qg5 $5 $16) 30... Kg8 31. f4 $1 {[%cal Rg6e7,Re7f5] /\Ne7-f5}
Qh7 (31... Kh7 32. Qd3 $18) 32. b3 $1 {(.)} d5 (32... Qh5 33. Qd5 $18) 33. Qc3
d4 (33... b6 34. Qf6 Qg7 35. Ne7+ Kf8 36. Qxg7+ Kxg7 37. Nxf5+ $18) 34. Qxc5
Qh1+ 35. Kb2 d3 36. Ne7+ Kg7 (36... Kh8 37. Qxf5 dxc2 38. Qf6+ $18) 37. Nxf5+
Kh7 38. Qe7 Qh5 $8 39. Rh6+ Qxh6 40. Qxf7+ (40. Qxf7+ Kh8 41. Nxh6 d2 42. Qf6+)
1-0